LIBRARY & INFORMATION CENTRE, KCAET, TAVANUR

ONLINE PUBLIC ACCESS CATALOGUE (OPAC)

Growth and structure of the English language / (Record no. 12441)

MARC details
000 -LEADER
fixed length control field 00464cam a2200181ua 4500
041 ## - LANGUAGE CODE
Language code of text/sound track or separate title eng
082 ## - DEWEY DECIMAL CLASSIFICATION NUMBER
Classification number 425
Item number JES/GR
100 ## - MAIN ENTRY--AUTHOR NAME
Personal name Jespersen, Otto .
245 ## - TITLE STATEMENT
Title Growth and structure of the English language /
260 ## - PUBLICATION, DISTRIBUTION, ETC. (IMPRINT)
Place of publication Calcutta :
Name of publisher Oxford University Press ,
Year of publication 1938.
300 ## - PHYSICAL DESCRIPTION
Number of Pages 244 ; .
942 ## - ADDED ENTRY ELEMENTS (KOHA)
Koha item type Books
Holdings
Withdrawn status Lost status Damaged status Home library Current library Date acquired Full call number Accession Number Koha item type
Withdrawn     KAUAET Malayalam University 07/04/2012 425 402 Books
Withdrawn     KAUAET Malayalam University 07/04/2012 425 11583 Books
free website counter